| 000 | 01441nam0a22003131 4500 | ||
|---|---|---|---|
| 001 | rc\2281573 | ||
| 005 | 20250529124332.0 | ||
| 035 | _a(NLR Aleph) 006560820 | ||
| 090 |
_a6841468 _c6841467 |
||
| 100 | _a20110829d1977 |||y0rusy50 ca | ||
| 101 | 0 | _arus | |
| 102 | _aRU | ||
| 105 | _ay z ||||| | ||
| 200 | 1 |
_aФормирование духовного мира человека и НТР _eМетодол. проблемы анализа духовного мира человека развитого соц. общества _f[Анисимов С.Ф., Белозерцев В.И., Дряхлов Н.И. и др.] _gПод ред. д-ров филос. наук С.Ф. Анисимова и Н.И. Дряхлова |
|
| 210 |
_aМосква _cИзд-во Моск. ун-та _d1977 |
||
| 215 |
_a221 с. _d22 |
||
| 606 |
_aОбщественное бытие и общественное сознание в социалистическом обществе _2psbo |
||
| 686 |
_aА85 _2rubbk |
||
| 701 | 1 |
_aБелозерцев _bВ. И. |
|
| 701 | 1 |
_aДряхлов _bН. И. _4340 |
|
| 701 | 1 |
_aАнисимов _bС. Ф. _cд-р филос. наук _f1922-2005 _gСергей Федорович _3RU\NLR\AUTH\770280788 _4340 |
|
| 801 | 0 |
_aRU _bNLR _gpsbo |
|
| 801 | 1 |
_aRU _bELAR _2rusmarc |
|
| 852 |
_aNLR _j77-5/5787 |
||
| 899 |
_aRuMoRGB _jБ 77-9/759 |
||
| 899 |
_aRuMoRGB _jБ 77-9/760 |
||
| 942 | _cBOOK | ||
| 980 | _aNB | ||